000 00712nam a2200289Ia 4500
005 20260324145205.0
008 008 260324s9999 xx 000 0 eng d
020 _a9780367808303
037 _aEBOOK
040 _aCRL
040 _beng
040 _cCRL
041 _2eng
041 _aeng
084 _qCRL
100 _aGordon Stevenson; Sally Stevenson
_91222076
245 0 _aReference Services and Technical Services
245 0 _bInteractions in Library Practice
260 _bTaylor and Francis
260 _c1984
365 _a
365 _b150
856 _uhttp://www.taylorfrancis.com/books/9780367808303
942 _cEBOOK
999 _c1829646
_d1829646